000 00628nam a22001937a 4500
999 _c166060
_d166060
005 20190711170543.0
010 _aENG-125879
020 _a9789353433697
_c679.00
035 _aEN-109411
037 _bDBAD/PUB
082 _a532.5
100 _aMahesh Kumar
245 _aFluid mechanics and hydraulic machines /
_cby Mahesh Kumar
260 _aNoida
_bPearson India Education
_c2019
270 _a15th Floor, Tower-B World Trade Tower, Plot No. 1 Block- C, Sector-16
_bNoida, Uttar Pradesh
_e201301
300 _avarious paging.
_c25cm(pbk)
500 _aIncludes index
942 _2ddc
_cEN
_h532.5
_mMAH